Storm warning (Record no. 16527)
[ view plain ]
| 000 -LEADER | |
|---|---|
| fixed length control field | 00378cam a2200157 i 4500 |
| 020 ## - INTERNATIONAL STANDARD BOOK NUMBER | |
| ISBN | 0816164398 |
| 040 ## - CATALOGING SOURCE | |
| Transcribing agency | DLC |
| 082 ## - DEWEY DECIMAL CLASSIFICATION NUMBER | |
| Classification number | 823 HAL 1976 A120 Or. |
| 100 1# - MAIN ENTRY--AUTHOR NAME | |
| Personal name | Higgins, Jack, |
| 245 10 - TITLE STATEMENT | |
| Title | Storm warning |
| 260 ## - PUBLICATION, DISTRIBUTION, ETC. (IMPRINT) | |
| Place of publication | Boston : |
| Name of publisher | G. K. Hall, |
| Year of publication | 1977, c1976. |
| 300 ## - PHYSICAL DESCRIPTION | |
| Number of Pages | 482 p. : |
| Other physical details | map ; |
| Dimensions | 24 cm. |
| 500 ## - GENERAL NOTE | |
| General note | Large print ed. |
| 650 #0 - SUBJECT ADDED ENTRY--TOPICAL TERM | |
| Topical Term | Large type books. |
| 942 ## - ADDED ENTRY ELEMENTS (KOHA) | |
| Koha item type | សៀវភៅភាសាអង់គ្លេស |
| 952 ## - LOCATION AND ITEM INFORMATION (KOHA) | |
| Withdrawn status [LOCAL, KOHA] | 0 |
| Permanent Location | Date acquired | Koha item type | Lost status | Shelving location | Barcode | Current Location | Full call number |
|---|---|---|---|---|---|---|---|
| Library Block A | 2018-03-05 | សៀវភៅភាសាអង់គ្លេស | A110 | A28790 | Library Block A | 823 HAL 1976 A110 Or. |